Statistics for Largest Cities In Washington by Letter

Click here to take the quiz!

General Stats

  • This quiz has been taken 15 times
    (5 since last reset)
  • The average score is 18 of 24

Answer Stats

HintAnswer% Correct
O- 58,344Olympia
100%
S- 775,523Seattle
100%
A - 92,380Auburn
75%
B - 160,701Bellevue
75%
C - 28,078Camas
75%
D - 33,854Des Moines
75%
E - 112,912Everett
75%
F - 104,546Federal Way
75%
H - 8,791Hoquiam
75%
I - 42,937Issaquah
75%
K - 149,842Kent
75%
L - 65,247Lakewood
75%
M- 73,921Marysville
75%
Q- 7,780Quincy
75%
R- 111,543Renton
75%
T- 225,631Tacoma
75%
U- 35,982University Place
75%
V- 199,651Vancouver
75%
W- 36,582Wenatchee
75%
Y- 98,738Yakima
75%
Z- 3,245Zillah
75%
N- 13,809Newcastle
50%
P- 82,307Pasco
50%
G - 13,499Gig Harbor
25%

Score Distribution

Percentile by Number Answered

Percent of People with Each Score

Your Score History

You have not taken this quiz since the last reset